Introduction to materials handling

Bibliographic Details
Main Author: Siddhartha Ray
Format: Book
Published: India : New Age International (P) Ltd, Pub , 2008
Subjects:

MARC

LEADER 00000cam a2200000 7i4500
001 0000033048
005 20120724.0
008 120724
020 |a 8122420990 
090 0 0 |a 621.86   |b SID 
100 1 |a Siddhartha Ray 
245 1 0 |a Introduction to materials handling   |c Siddhartha Ray 
260 |a India :   |b New Age International (P) Ltd, Pub ,   |c 2008 
650 0 |a Materials   |x Handling equipment 
999 |a 0001152274   |b Book   |c Adult Collection   |e Cawangan Mersing 
999 |a 0001152275   |b Book   |c Adult Collection   |e Cawangan Bukit Gambir 
999 |a 0001152276   |b Book   |c Adult Collection   |e Cawangan Mersing 
999 |a 0001152277   |b Book   |c Adult Collection   |e Cawangan Mersing 
999 |a 0001152278   |b Book   |c Adult Collection   |e Perbadanan Perpustakaan Awam Johor